000 01691cam a2200313 i 4500
003 SA-RiAUC
005 20241102143503.0
008 241030s2005 su g 000 0dara c
040 _aSA-MaUQU
_bara
_cSA-RiAUC
_erda
082 0 4 _a235.1
_qSA-RiAUC
090 _a235.1
_bب و ص
100 1 _aالبوصيري، عبد الرحمن بن محمد بن قاسم،
_d1258-1354 هجري
_eمؤلف.
245 1 0 _aمبتكرات اللآلئ والدرر في المحاكمة بين العيني وابن حجر /
_cتأليف عبد الرحمن البوصيري ؛ تحقيق رائد بن صبري بن أبي علفة.
250 _aالطبعة الأولى.
264 1 _aالرياض :
_bمكتبة الرشد ناشرون،
_c2005
300 _a560 صفحة ؛
_c24 سم
336 _aنص
_btxt
_2rdacontent
_3كتاب
337 _aبدون وسيط
_bn
_2rdamedia
338 _aمجلد
_bnc
_2rdacarrier
600 1 7 _aبدر الدين العيني، محمود بن أحمد بن موسى،
_d762-855 هجري
_2aucnm
600 1 7 _aابن حجر العسقلاني، أحمد بن علي بن محمد،
_d773-852 هجري
_2aucnm
650 7 _aصحيح البخاري
_2aucsh
650 7 _aالحديث
_xصحيح البخاري
_2aucsh
650 7 _aالحديث
_xالإسناد الصحيح
_2aucsh
700 1 _aابن أبي علفة، رائد بن صبري
_eمحقق.
700 1 2 _iتحقيق لـ (عمل) :
_aالبوصيري، عبد الرحمن بن محمد بن قاسم،
_d1258-1354 هجري.
_tمبتكرات اللآلئ والدرر في المحاكمة بين العيني وابن حجر
942 _2ddc
_cBOOK
_n0
949 _aSA-JeALM
_d241030
_ukhaled123
_n1
999 _c1987
_d1987